Impugnación al folleto publicado por Don José Galofre sobre el estudio de las nobles artes en España / (Record no. 98653)

MARC details
000 -LEADER
campo de control de longitud fija 00633nam a22001815i 4500
001 - NÚMERO DE CONTROL
campo de control 98653
003 - IDENTIFICADOR DE NÚMERO DE CONTROL
campo de control ES-MaACL
005 - FECHA Y HORA DE LA ÚLTIMA TRANSACCIÓN
campo de control 20230906182335.0
007 - CAMPO FIJO DE DESCRIPCIÓN FÍSICA--INFORMACIÓN GENERAL
campo de control de longitud fija t|
008 - DATOS DE LONGITUD FIJA--INFORMACIÓN GENERAL
campo de control de longitud fija 950918s1855 sp ||||1| spa d
080 ## - NÚMERO DE LA CLASIFICACIÓN DECIMAL UNIVERSAL
Número de la Clasificación Decimal Universal 7:37(460)"18"
100 1# - ENTRADA PRINCIPAL--NOMBRE DE PERSONA
Nombre de persona Eguren, José María de.
9 (RLIN) 46770
245 10 - MENCIÓN DEL TÍTULO
Título Impugnación al folleto publicado por Don José Galofre sobre el estudio de las nobles artes en España /
Mención de responsabilidad, etc. escrita por J.M. de Eguren.
260 ## - PUBLICACIÓN, DISTRIBUCIÓN, ETC.
Lugar de publicación, distribución, etc. Madrid :
Nombre del editor, distribuidor, etc. [s.n.],
Fecha de publicación, distribución, etc. 1855 (
Fabricante Imp. a cargo de los Sres. Montoya y García)
300 ## - DESCRIPCIÓN FÍSICA
Extensión 16 p. ;
Dimensiones 20 cm.
650 ## - PUNTO DE ACCESO ADICIONAL DE MATERIA--TÉRMINO DE MATERIA
Término de materia o nombre geográfico como elemento de entrada Arte-
Subdivisión general Estudio y enseñanza.
9 (RLIN) 175842
852 4# - LOCALIZACIÓN
Ubicación ES-MaACL
Número de control de estantería T-31-F-10
Holdings
Estatus retirado Estado de pérdida Estado de daño No para préstamo Colección Biblioteca de origen Biblioteca actual Ubicación en estantería Fecha de adquisición Fuente de adquisición Total de préstamos Signatura topográfica completa Código de barras Visto por última vez Precio de reemplazo Tipo de ítem Koha
        Colección de folletos Biblioteca del Ateneo de Madrid Biblioteca del Ateneo de Madrid Depósito folletos 17/01/2008     T-31-F-10 1102990 23/02/2023 23/02/2023 Folleto